Signals and systems (Record no. 20009)
[ view plain ]
| 000 -LEADER | |
|---|---|
| fixed length control field | 00715nam a2200265 a 4500 |
| 001 - CONTROL NUMBER | |
| control field | 157675 |
| 003 - CONTROL NUMBER IDENTIFIER | |
| control field | OSt |
| 005 - DATE AND TIME OF LATEST TRANSACTION | |
| control field | 20211231104841.0 |
| 008 - FIXED-LENGTH DATA ELEMENTS--GENERAL INFORMATION | |
| fixed length control field | 200624 ### ENG |
| 020 ## - INTERNATIONAL STANDARD BOOK NUMBER | |
| International Standard Book Number | 9788126512652 |
| 082 ## - DEWEY DECIMAL CLASSIFICATION NUMBER | |
| Classification number | 621.3822 |
| Item number | H33S |
| 100 ## - MAIN ENTRY--PERSONAL NAME | |
| Personal name | Haykin, Simon |
| 245 ## - TITLE STATEMENT | |
| Title | Signals and systems |
| Statement of responsibility, etc | by Simon Haykin and Barry Van Veen |
| 250 ## - EDITION STATEMENT | |
| Edition statement | 2nd ed. |
| 260 ## - PUBLICATION, DISTRIBUTION, ETC. (IMPRINT) | |
| Place of publication, distribution, etc | New Delhi |
| Name of publisher, distributor, etc | Wiley |
| Date of publication, distribution, etc | 2018 |
| 300 ## - PHYSICAL DESCRIPTION | |
| Extent | 802p. |
| 653 ## - INDEX TERM--UNCONTROLLED | |
| Uncontrolled term | Signal processing |
| 653 ## - INDEX TERM--UNCONTROLLED | |
| Uncontrolled term | Linear time invariant systems |
| 653 ## - INDEX TERM--UNCONTROLLED | |
| Uncontrolled term | System analysis |
| 653 ## - INDEX TERM--UNCONTROLLED | |
| Uncontrolled term | Telecommunication systems |
| 653 ## - INDEX TERM--UNCONTROLLED | |
| Uncontrolled term | Signal processing--Digital techniques |
| 653 ## - INDEX TERM--UNCONTROLLED | |
| Uncontrolled term | Linear systems |
| 700 ## - ADDED ENTRY--PERSONAL NAME | |
| Personal name | Veen, Barry Van |
| 942 ## - ADDED ENTRY ELEMENTS (KOHA) | |
| Source of classification or shelving scheme | Dewey Decimal Classification |
| Koha item type | Books |
| Withdrawn status | Lost status | Damaged status | Not for loan | Collection code | Home library | Current library | Date acquired | Source of acquisition | Total Checkouts | Full call number | Barcode | Date last seen | Date checked out | Price effective from | Koha item type | Source of classification or shelving scheme | Use restrictions |
|---|---|---|---|---|---|---|---|---|---|---|---|---|---|---|---|---|---|
| General Text Book | Central University Of Rajasthan | Central University Of Rajasthan | 24/06/2020 | ECE | 3 | 621.3822 H33S | 33887 | 21/02/2024 | 11/01/2024 | 02/09/2020 | Books | ||||||
| General Text Book | Central University Of Rajasthan | Central University Of Rajasthan | 24/06/2020 | ECE | 7 | 621.3822 H33S | 33892 | 12/12/2025 | 08/12/2025 | 02/09/2020 | Books | ||||||
| Not For Loan | Reserve Text Book | Central University Of Rajasthan | Central University Of Rajasthan | 24/06/2020 | ECE | 621.3822 H33S | 33891 | 02/09/2020 | 02/09/2020 | Books | Dewey Decimal Classification | Restricted Access | |||||
| General Text Book | Central University Of Rajasthan | Central University Of Rajasthan | 24/06/2020 | ECE | 11 | 621.3822 H33S | 33890 | 24/09/2025 | 08/09/2025 | 02/09/2020 | Books | ||||||
| General Text Book | Central University Of Rajasthan | Central University Of Rajasthan | 24/06/2020 | ECE | 7 | 621.3822 H33S | 33889 | 17/04/2025 | 24/02/2025 | 02/09/2020 | Books | ||||||
| General Text Book | Central University Of Rajasthan | Central University Of Rajasthan | 24/06/2020 | ECE | 11 | 621.3822 H33S | 33888 | 20/02/2026 | 05/02/2026 | 02/09/2020 | Books |
